000 00828cam a2200253 a 4500
001 000004903
005 20200929151529.0
008 830916s1971 ve 001 p spa
040 _aDO-SdBNP
_bspa
_cBNPHU
082 _aV861.44
_bP745r
245 0 0 _aPoesía en la resistencia /
_cFrancisco Salazar Martínez ... [et al.].
260 _aCaracas :
_bCentauro,
_c1971.
300 _a105 p. :
_bil. ;
_c16 cm.
650 4 _aPoesía venezolana
_94230
650 4 _aLiteratura venezolana
_93816
700 1 _aSalazar Martínez, Francisco
_914174
700 1 _aGómez, Alarico
_914175
700 1 _aVicente Abreu, José
_914176
700 1 _aAcosta Bello, Arnaldo
_914177
700 1 _aLiscano, Juan
_99018
700 1 _aSucre Figarella, Guillermo
_914178
700 1 _aRavell, Alberto
_914179
700 1 _aVelásquez, Lucila
_914180
999 _c4709
_d4709